Southville International School and Colleges
Your cart is empty.
  • Cart
  • Lists
    Public lists Eva Luna New books Lux_list list_1
    Your lists Log in to create your own lists
  • Log in to your account
  • Your cookies
  • Search history
Southville International School and Colleges
  • Advanced search
  • Recent comments
  • Most popular
  • Libraries

Log in to your account

Log in with GOOGLE


If you do not have an external account, but do have a local account, you can still log in:

  1. Home
  2. MARC view: The Snows of yesteryear :
Normal view MARC view ISBD view

The Snows of yesteryear : (Record no. 10125)

[ view plain ]
MARC details
000 -LEADER
fixed length control field 00587nam a22002057a 4500
003 - CONTROL NUMBER IDENTIFIER
control field SISC
005 - DATE AND TIME OF LATEST TRANSACTION
control field 20160229133208.0
008 - FIXED-LENGTH DATA ELEMENTS--GENERAL INFORMATION
fixed length control field 130831t xxu||||| |||| 00| 0 eng d
020 ## - INTERNATIONAL STANDARD BOOK NUMBER
International Standard Book Number 9780701136666
050 ## - LIBRARY OF CONGRESS CALL NUMBER
Classification number PT 635
Item number .R467 1990
082 ## - DEWEY DECIMAL CLASSIFICATION NUMBER
Classification number HS 809.93592
Item number R33 1989
100 ## - MAIN ENTRY--PERSONAL NAME
Personal name Rezzori,Gregor Von
9 (RLIN) 16031
245 ## - TITLE STATEMENT
Title The Snows of yesteryear :
Remainder of title portraits for an autobiography /
260 ## - PUBLICATION, DISTRIBUTION, ETC. (IMPRINT)
Place of publication, distribution, etc London :
Name of publisher, distributor, etc Chatts & Windows,
Date of publication, distribution, etc 1989.
300 ## - PHYSICAL DESCRIPTION
Extent 290 p. ;
Dimensions 24 cm.
650 ## - SUBJECT ADDED ENTRY--TOPICAL TERM
Topical term or geographic name as entry element Childhood and youth
9 (RLIN) 16032
650 ## - SUBJECT ADDED ENTRY--TOPICAL TERM
Topical term or geographic name as entry element Autobiographies
9 (RLIN) 16033
942 ## - ADDED ENTRY ELEMENTS (KOHA)
Source of classification or shelving scheme Library of Congress Classification
Koha item type Books
Holdings
Withdrawn status Lost status Source of classification or shelving scheme Damaged status Home library Current library Shelving location Date acquired Total Checkouts Full call number Barcode Date last seen Copy number Price effective from Koha item type
    Library of Congress Classification   Luxembourg Library Luxembourg Library High School Section 08/31/2013   PT 635 .R467 1990 2459 08/31/2013 1 08/31/2013 Books

The Snows of yesteryear :

APA

Rezzori G. V., . (1989). The Snows of yesteryear. London: Chatts & Windows.

Chicago

Rezzori Gregor Von, . 1989. The Snows of yesteryear. London: Chatts & Windows.

Harvard

Rezzori G. V., . (1989). The Snows of yesteryear. London: Chatts & Windows.

MLA

Rezzori Gregor Von, . The Snows of yesteryear. London: Chatts & Windows. 1989.

  • Place hold
  • Print
  • Cite
  • Add to your cart (remove)
  • Save record
    BIBTEX Dublin Core MARCXML MARC (non-Unicode/MARC-8) MARC (Unicode/UTF-8) MARC (Unicode/UTF-8, Standard) MODS (XML) RIS
  • More searches
    Search for this title in:
    Other Libraries (WorldCat) Other Databases (Google Scholar) Online Stores (Bookfinder.com) Open Library (openlibrary.org)

Exporting to Dublin Core...

SOUTHVILLE LIBRARY

Southville International School and Colleges Library

1281 Tropical Ave. Cor. Luxembourg St., BF Homes International, Las Pinas City

Tel. No. 8256374 / 252358 Loc. 117/146

Powered by Koha